Państwa, które mają broń we fladze. - Statystyki

Ogólne statystyki
  • Ten quiz został rozwiązany 66 razy
    48 od ostatniego zresetowania
  • Średni wynik to 3 z 12
Statystyki odpowiedzi
. Odpowiedź % Poprawnych
. mozambik
76%
. Angola
61%
. Arabia Saudyjska
37%
. Kenia
24%
. Belize
22%
. Haiti
17%
. Sri Lanka
15%
. Eswatini
12%
. Oman
7%
. Barbados
5%
. Gwatemala
5%
. Boliwia
0%
Nie znaleziono quizów pasujących do podanych kryteriów
Rozkład punktacji
Procent ludzi z każdym wynikiem
Percentyl według liczby udzielonych odpowiedzi
Twoja historia wyników
Nie rozwiązałeś tego quizu od ostatniego zresetowania